| 000 | 00487nam a22001697a 4500 | ||
|---|---|---|---|
| 003 | OSt | ||
| 005 | 20240612111639.0 | ||
| 008 | 240612b |||||||| |||| 00| 0 eng d | ||
| 020 | _a9780753822562 | ||
| 040 |
_aDDC _cMUST |
||
| 100 |
_aFerreira, Pedro G. _917098 |
||
| 245 |
_aThe state of the universe/ _bA primer in modern cosmotology |
||
| 260 |
_aGreat Britain _bWeidenfels and Nicolson _cc2006 |
||
| 300 |
_a320p.; _bill: _c19.5cm |
||
| 650 |
_aCosmotology _917099 |
||
| 942 |
_2ddc _cO_SHELF |
||
| 999 |
_c8409 _d8409 |
||